<?xml version="1.0" encoding="UTF-8"?>
<collection xmlns:xsi="http://www.w3.org/2001/XMLSchema-instance" xsi:schemaLocation="http://www.loc.gov/MARC21/slim http://www.loc.gov/standards/marcxml/schema/MARC21slim.xsd" xmlns="http://www.loc.gov/MARC21/slim">
 <record>
  <leader>00000cab a22000004cb4500</leader>
  <controlfield tag="001">IPP-00000252121</controlfield>
  <controlfield tag="003">IPP</controlfield>
  <controlfield tag="005">20180306155534.0</controlfield>
  <controlfield tag="008">180306s2003    xx     d | ||r |||||eng||</controlfield>
  <datafield tag="041" ind1="#" ind2="#">
   <subfield code="a">eng</subfield>
  </datafield>
  <datafield tag="100" ind1="1" ind2="#">
   <subfield code="a">Majone, Giandomenico</subfield>
  </datafield>
  <datafield tag="245" ind1="1" ind2="0">
   <subfield code="a">The internationalization of regulation</subfield>
   <subfield code="b">implications for developing countries</subfield>
  </datafield>
  <datafield tag="264" ind1="#" ind2="1">
   <subfield code="c">2003</subfield>
  </datafield>
  <datafield tag="520" ind1="#" ind2="#">
   <subfield code="a">Any trade concession can be nullified by imposing an offsetting set of domestic policies. For this reason, no institutional arrangement that oversees trade liberalization, such as the World Trade Organization (WTO), can confine its attention to &quot;border&quot; rules. This explains the shift of emphasis from shallow integration--based on the removal of barriers to trade at the border-to deeper integration, which is concerned with national regulatory measures that had not been previously subjected to international scrutiny. When voluntary harmonization is impossible or undesirable, it is necessary to reply on the work of international standards organizations, such as the Codex Alimentarius Commission. It is the interest of these countries to be active members of standard-setting organizations such as Codex, in order to influence the formulation and implementation of international rules. Science is going to play a central role in international risk regulation and the harmonization of technical barriers to trade. Thus, the possibility of playing an active role in the relevant bodies presupposes a stock of available scientific talent. A number of developing countries should develop professionals trained in &quot;regulatory science,&quot; the logic of decisionmaking under certainty, and the design of efficient regulatory policies and institutions.</subfield>
  </datafield>
  <datafield tag="650" ind1="1" ind2="0">
   <subfield code="a">Codex Alimentarius Commission (CAC)</subfield>
  </datafield>
  <datafield tag="650" ind1="2" ind2="0">
   <subfield code="a">European Community/European Union (EC-EU)</subfield>
  </datafield>
  <datafield tag="650" ind1="2" ind2="0">
   <subfield code="a">General Agreement on Tariffs and Trade (GATT)</subfield>
  </datafield>
  <datafield tag="650" ind1="2" ind2="0">
   <subfield code="a">International Monetary Fund</subfield>
  </datafield>
  <datafield tag="650" ind1="2" ind2="0">
   <subfield code="a">International regulation</subfield>
  </datafield>
  <datafield tag="650" ind1="2" ind2="0">
   <subfield code="a">International Standards Organization (ISO)</subfield>
  </datafield>
  <datafield tag="650" ind1="2" ind2="0">
   <subfield code="a">International trade</subfield>
  </datafield>
  <datafield tag="650" ind1="2" ind2="0">
   <subfield code="a">North American Free Trade Agreement (NAFTA)</subfield>
  </datafield>
  <datafield tag="650" ind1="2" ind2="0">
   <subfield code="a">Regulatory harmonization</subfield>
  </datafield>
  <datafield tag="650" ind1="2" ind2="0">
   <subfield code="a">Self-regulation</subfield>
  </datafield>
  <datafield tag="650" ind1="2" ind2="0">
   <subfield code="a">Free trade</subfield>
  </datafield>
  <datafield tag="650" ind1="2" ind2="0">
   <subfield code="a">World Trade Organization</subfield>
  </datafield>
  <datafield tag="650" ind1="2" ind2="0">
   <subfield code="a">Government regulation</subfield>
  </datafield>
  <datafield tag="773" ind1="0" ind2="#">
   <subfield code="t">Philippine Journal of Public Administration</subfield>
   <subfield code="g">Vol. XLVII, no. 1-4 (Jan. 2003 - Oct. 2003), 329-354</subfield>
  </datafield>
  <datafield tag="852" ind1="#" ind2="#">
   <subfield code="a">UPD</subfield>
   <subfield code="b">DCPA</subfield>
  </datafield>
  <datafield tag="942" ind1="#" ind2="#">
   <subfield code="a">Article</subfield>
  </datafield>
  <datafield tag="950" ind1="#" ind2="#">
   <subfield code="a">FI</subfield>
  </datafield>
 </record>
</collection>
